[Event "Turkey IS Bank Super League 2017"]
[Site "Darica-Kocaeli"]
[Date "2017.07.26"]
[Round "1.8"]
[White "Aluc, Bulut Evrim"]
[Black "Kargaci, Humeyra"]
[Result "1-0"]
[WhiteElo "1699"]
[BlackElo "1737"]
[Annotator "NA"]
[PlyCount "71"]
[EventType "team-tourn"]
[EventCountry "TUR"]
[SourceTitle "playchess.com"]
[Source "ChessBase"]
[SourceQuality "1"]
[TimeControl "40/5400+30:1800+30"]

1. d4 {[%emt 0:00:30] 05]]} Nf6 {[%emt 0:01:00] 05]]} 2. c4 {[%emt 0:00:30] 05]]} g6 {[%emt 0:00:30] 055} 3. Nc3 {[%emt 0:00:30] ]05} d5 {[%emt 0:00:30] ]05} 4. h4 {[%emt 0:00:00] ]0} Bg7 {[%emt 0:00:30] ]]} 5. h5 {[%emt 0:00:00] ]]} Nxh5 {[%emt 0:01:30] ]]} 6. cxd5 {[%emt 0:00:30] ]]} c6 {[%emt 0:03:30] ]]} 7. e4 {[%emt 0:02:30] ]]} cxd5 {[%emt 0:02:30] ]]} 8. e5 {[%emt 0:00:30] ]]} Bf8 {[%emt 0:10:30] ]]} 9. g4 {[%emt 0:01:30] ]]} Ng7 {[%emt 0:00:30] ]]} 10. Bg2 {[%emt 0:00:30] ]]} e6 {[%emt 0:02:30] ]]} 11. Bh6 {[%emt 0:01:30] ]]} Nc6 {[%emt 0:03:30] ]]} 12. Nf3 {[%emt 0:03:30] ]]} Bd7 {[%emt 0:02:30] ]]} 13. Qd2 {[%emt 0:02:30] ]]} Qc7 {[%emt 0:03:30] ]} 14. Ng5 {[%emt 0:22:30] ]]} Na5 {[%emt 0:22:30] ]]} 15. Qf4 {[%emt 0:14:30] ]]} f5 {[%emt 0:02:30] ]]} 16. gxf5 {[%emt 0:20:30] ]]} Nh5 {[%emt 0:16:30] ]]} 17. Rxh5 {[%emt 0:06:50]} gxh5 {[%emt 0:02:30] 0]]} 18. fxe6 {[%emt 0:00:42] [%clk 0:15.35]]} Bc6 {[%emt 0:04:30] [cc} 19. Qf6 {[%emt 0:04:23] [[c} Bxh6 {[%emt 0:00:30] [[c} 20. Qxh8+ {[%emt 0:00:30] [[} Bf8 {[%emt 0:00:30] [[} 21. Nxh7 {[%emt 0:02:48] [[} Qg7 {[%emt 0:02:04] [[} 22. Qxf8+ {[%emt 0:00:30] [[} Qxf8 {[%emt 0:00:30] [[} 23. Nxf8 {[%emt 0:00:30] [[} Kxf8 {[%emt 0:00:00] [[} 24. Bxd5 {[%emt 0:04:32] [[} Rd8 {[%emt 0:02:20] [[[} 25. Bxc6 {[%emt 0:00:18] [[[} Nxc6 {[%emt 0:02:38] [[} 26. d5 {[%emt 0:00:52] [[[} Nxe5 {[%emt 0:00:10] [[[} 27. Ke2 {[%emt 0:01:56] [} Ke7 {[%emt 0:00:52] ]} 28. Rh1 {[%emt 0:01:04] ]} Rh8 {[%emt 0:00:32] ]} 29. f4 {[%emt 0:00:41] ]} Ng4 {[%emt 0:00:32] ]} 30. Ne4 {[%emt 0:01:29] [%clk 0:05.55] [%clk 0:04:38]} Rf8 {[%emt 0:07:19] %} 31. Rxh5 {[%emt 0:01:47] %} Rxf4 {[%emt 0:00:30] %} 32. Rh7+ {[%emt 0:00:30] %} Kd8 {[%emt 0:00:30] %} 33. e7+ {[%emt 0:00:30] % [%clk 0:02:29]} Kd7 {[%emt 0:03:30]} 34. Nd6 {[%emt 0:02:39]} Kxd6 {[%emt 0:00:30]} 35. e8=Q {[%emt 0:00:30]} Kxd5 {[%emt 0:00:30]} 36. Rd7+ {[%emt 0:00:30]} 1-0

[Event "Turkey IS Bank Super League 2017"]
[Site "Darica-Kocaeli"]
[Date "2017.07.26"]
[Round "1.9"]
[White "Ivanchuk, Vassily"]
[Black "Anton Guijarro, David"]
[Result "1-0"]
[WhiteElo "2729"]
[BlackElo "2654"]
[Annotator "TA"]
[PlyCount "79"]
[EventType "team-tourn"]
[EventCountry "TUR"]
[SourceTitle "playchess.com"]
[Source "ChessBase"]
[SourceQuality "1"]

{[%evp 20,79,16,16,19,11,9,13,35,32,41,26,39,33,57,28,37,0,22,21,37,10,12,4,4,7,17,0,15,0,32,43,40,29,33,31,44,42,352,346,306,123,112,124,100,130,185,183,265,272,238,123,335,370,356,368,370,378,357,365,533,520]} 1. Nf3 Nf6 2. c4 b6 3. g3 Bb7 4. Bg2 e6 5. Nc3 Be7 6. O-O O-O 7. b3 d5 8. e3 Nbd7 9. Bb2 Re8 {A14: English Opening: 1...e6 with b3 by White} (9... Ne4 10. cxd5 Nxc3 11. dxc3 Bxd5 12. c4 Bb7 13. Ne5 Nxe5 14. Bxb7 Rb8 15. Bxe5 Rxb7 16. Qg4 g6 17. Rad1 Qc8 {½-½ (36) Marin,M (2589)-Kryvoruchko,Y (2717) Reykjavik 2015}) 10. Qe2 c5 11. Rfd1 {LiveBook: 3 Games} Qc7 {The position is equal.} 12. Rac1 Rad8 13. cxd5 exd5 14. d4 Qb8 15. Ne5 $146 ({Predecessor:} 15. Rc2 a6 16. dxc5 bxc5 17. Na4 d4 18. exd4 {0-1 (40) Manouck,T (2385)-Giffard,N (2355) Schiltigheim 1982}) 15... cxd4 16. exd4 Nf8 17. Qb5 Qa8 18. Ne2 Rc8 19. Nf4 Ne4 20. h4 Bd6 21. Bh3 Rxc1 22. Rxc1 Qd8 23. Qf1 Ng6 (23... f6 $5 {[%cal Rf6e5]} 24. Ned3 Qe7 $11) 24. Nfd3 Bxe5 25. Nxe5 f6 26. Nf3 Qd6 27. Rc2 Ne7 28. Qc1 {[#] Ba3 is the strong threat.} Nxg3 $2 {[%mdl 8192]} (28... b5 $1 $14) 29. Ba3 $18 ({Weaker is} 29. fxg3 Qxg3+ 30. Bg2 Ng6 $14) 29... Qb8 30. Bxe7 (30. Bd7 $18 {is the precise move to win.}) 30... Rxe7 $16 31. fxg3 Qxg3+ 32. Bg2 h5 (32... Ba6 $16 33. Rf2 h6) 33. Qf1 $18 Qf4 {[#]} (33... Qd6 $142 34. Qf2 Ba6) 34. Qf2 $1 Re4 35. Ne1 ({White should try} 35. Nd2 $18 Qxf2+ 36. Kxf2 Rxd4 37. Nf3) 35... Qxf2+ $2 (35... Qg4 $16 {was worth a try.} 36. Nf3 Ba6) 36. Kxf2 Rxd4 37. Rc7 Ba6 38. Rxa7 Bb5 39. Nf3 Rf4 (39... Re4 {keeps fighting.} 40. Rb7 Kf8 41. Rxb6 Bd3) 40. Rb7 {Precision: White = 46%, Black = 36%.} 1-0

[Event "Turkey IS Bank Super League 2017"]
[Site "Darica-Kocaeli"]
[Date "2017.07.26"]
[Round "1.10"]
[White "Firat, Burak"]
[Black "Yilmaz, Mustafa"]
[Result "1/2-1/2"]
[WhiteElo "2480"]
[BlackElo "2640"]
[Annotator "TA"]
[PlyCount "308"]
[EventType "team-tourn"]
[EventCountry "TUR"]
[SourceTitle "playchess.com"]
[Source "ChessBase"]
[SourceQuality "1"]

{[%evp 20,308,12,11,22,17,16,14,18,14,15,18,21,20,36,21,34,0,8,-18,15,9,34,31,38,0,0,5,22,8,0,0,2,0,0,0,0,0,0,-10,-11,-18,-20,-40,-21,-19,-6,-84,-82,-143,-145,-126,-132,-501,-497,-451,-91,-89,-88,-90,-87,-93,-40,-33,-37,-66,-17,-18,-12,-26,0,-32,-32,-32,0,0,0,0,0,-8,-8,-8,-8,-8,-8,-8,-8,-8,-8,-8,-8,-10,-10,-10,-10,-11,-10,-11,-11,-12,-12,-12,-12,-12,-11,-11,-12,-12,-12,-12,-12,-12,-12,-12,-12,-12,-8,-8,-8,-8,-8,-11,-8,-12,-12,-12,-12,-12,-12,-12,-12,-24,-24,-24,-24,-25,-12,-12,-12,-12,-12,-12,-12,-12,-12,-12,-8,-12,-12,-16,-16,-16,-12,-16,-16,-16,-16,-17,-16,-18,-12,-12,-14,-14,-8,-20,-24,-57,-57,-57,-30,-29,-23,-20,-16,-20,-20,-17,-20,-63,-30,-70,-70,-70,-70,-70,-70,-70,-70,-78,-78,-78,-78,-78,-70,-70,-70,-78,-70,-70,-70,-70,-70,-70,-70,-78,-70,-70,-70,-70,-63,-70,-8,-63,-8,-70,-70,-70,0,0,0,0,0,0,0,0,0,0,0,0,0,0,0,0,0,0,0,0,0,0,0,-8,0,0,0,-8,-8,-8,0,0,0,0,0,0,0,0,0,0,0,0,0,-8,0,-8,0,-8,-8,-8,0,-8,0,-8,-8,-8,0,-8,0,-8,0,0,0,0,0,0,0,0,0,-8,0,-8,0]} 1. d4 Nf6 2. Nf3 e6 3. c4 c5 4. g3 cxd4 5. Nxd4 d5 6. Bg2 e5 7. Nf3 d4 8. O-O Nc6 9. e3 Be7 10. exd4 exd4 11. Bf4 {LiveBook: 134 Games} Be6 {E01: Catalan: Early deviations} (11... O-O 12. Ne5 Qb6 13. Re1 Be6 14. Nd2 Rac8 15. a3 d3 16. b4 Nxe5 17. c5 Qa6 18. Bxe5 Ng4 19. Bc3 Bf6 20. Qc1 Rfd8 {½-½ (35) Dubov,D (2660)-Nepomniachtchi,I (2751) Sochi 2017}) 12. Ne5 Rc8 13. Nxc6 bxc6 14. Be5 {[#]} Bxc4 $146 ({Find the theoretical novelty and annotate with similar games:} 14... d3 15. Nd2 O-O 16. Bc3 Re8 17. b4 Nd7 18. Re1 Bf6 19. Qb3 {0-1 (40) Goganov,A (2639)-Levin,E (2506) Moscow 2017}) 15. Re1 O-O 16. Qxd4 Qa5 17. Qd2 (17. Na3 $5 Be6 18. Nc4 $14) 17... Qa6 18. Bh3 Rcd8 19. Qc1 Rfe8 20. Nc3 Bd3 21. Qf4 c5 22. Qa4 Qxa4 23. Nxa4 c4 24. Bc7 {aiming for Rxe7.} Ra8 25. a3 Bc2 26. Nc3 Bc5 27. Rac1 Rxe1+ 28. Rxe1 h5 29. Kg2 Ng4 30. f3 Ne3+ 31. Kh1 g5 32. Bd7 $1 a6 33. Na4 (33. Be5 $11) 33... Bd4 $17 34. Be5 (34. Bb6 $142 Bxb6 35. Nxb6) 34... Bxe5 35. Rxe3 Bd4 36. Re2 $2 {[%mdl 8192]} (36. Re8+ $17 {is tougher.} Rxe8 37. Bxe8) 36... Bd1 $19 37. Bc6 Rb8 $2 (37... Bxe2 $19 {and Black stays clearly on top.} 38. Bxa8 {[#]} Bxb2 $1 {[%mdl 512]} 39. Nxb2 c3) 38. Rd2 $17 Bxa4 $1 39. Bxa4 Bxb2 {[%mdl 4096] Endgame KRB-KRB} 40. Rd5 Bxa3 ({Black should play} 40... Bf6 $17 41. h4 gxh4 42. Rxh5 Rb2) 41. Rxg5+ $15 Kf8 42. Rxh5 Ke7 43. Ra5 Rb6 44. Kg2 Bd6 45. Kf2 Rb2+ 46. Ke3 c3 {White must now prevent ...Ra2.} (46... Ra2 $5 {[%cal Rc4c3]} 47. Kd4 Bb4 48. Rxa6 c3 $17) 47. Rxa6 Rxh2 48. Ra7+ Kf8 49. Kd3 (49. Ra8+ {seems wilder.} Ke7 50. Ra7+) 49... Rf2 50. Kxc3 Rxf3+ 51. Kd4 Bxg3 52. Ke4 Ra3 53. Ra8+ Kg7 54. Bc6 Rb3 55. Bd5 Rb4+ 56. Kf3 Bb8 57. Be4 Rb5 58. Kg4 Kf6 59. Ra4 Rg5+ 60. Kf3 Rg3+ 61. Kf2 Rc3 62. Bd5 Rc5 63. Ba2 Kg5 64. Ra8 Bc7 65. Rg8+ Kh6 66. Kf3 f5 67. Bb1 Rc1 68. Bd3 Rc3 69. Ke2 f4 70. Rf8 Kg5 71. Rf5+ Kg4 72. Rf8 Ra3 73. Rg8+ Kh4 74. Rh8+ Kg5 75. Rg8+ Kf6 76. Rf8+ Ke5 77. Re8+ Kd5 78. Be4+ Kd4 {Strongly threatening ...Re3+.} 79. Bc6 Bd6 80. Bb7 Ra7 81. Bc6 Rc7 82. Be4 Be7 83. Ba8 (83. Bc6 $5) 83... Ke5 84. Bc6 Kf6 85. Bd5 Kf5 86. Bc6 Bg5 87. Be4+ Kg4 88. Rf8 Re7 (88... Rc3 $5 {[%cal Rc3e3]} 89. Kf2 Bh4+ 90. Kg2 Rg3+ 91. Kf1 Re3 92. Rg8+ Bg5 $11) 89. Kd3 Ra7 90. Bd5 Ra3+ 91. Kd4 Ra6 92. Bb7 Bf6+ 93. Kc5 {Hoping for Rg8+.} Be7+ 94. Kb5 {Threatens to win with Rg8+.} Rg6 (94... Ra7 {keeps more tension.} 95. Bc8+ Kg3 96. Rg8+ Kh2 97. Be6 f3) 95. Rf7 Bf6 96. Be4 Rg5+ 97. Kc4 Re5 98. Kd3 Re6 99. Bb7 Rb6 100. Ke2 Kg3 101. Bd5 {[#]} f3+ $1 {[%mdl 512]} 102. Bxf3 Re6+ 103. Kd3 Kxf3 {KRB-KR} 104. Rd7 Re3+ 105. Kd2 Ke4 106. Rf7 Bc3+ 107. Kc2 Be5 108. Rf2 Rc3+ 109. Kd2 Ra3 (109... Rb3 $5 {[%cal Rb3b2]} 110. Re2+ Kd5 $15) 110. Ke2 Bg3 111. Rg2 Rb3 112. Kd1 Be5 113. Re2+ Kd3 {[%cal Rb3b1]} (113... Kf5 {feels hotter.} 114. Rf2+ Bf4 115. Ke2 Ke4 116. Kf1 Rg3) 114. Rd2+ Kc4 115. Rc2+ Bc3 (115... Kd5 $15) 116. Rg2 ({Better is} 116. Ke2 $11) 116... Rb8 (116... Bd4 $1 $15) 117. Rg4+ (117. Ke2 $1 $11) 117... Bd4 $1 {And now ...Kd3 would win.} 118. Ke2 Rb2+ ({Black should try} 118... Rf8 $1 $15) 119. Kf3 $1 $11 {The position is equal.} Kd3 120. Rg6 Rf2+ 121. Kg3 Rf1 122. Re6 $1 Be3 123. Kg4 Rf8 124. Rd6+ Bd4 125. Re6 Kc4 126. Rd6 Be5 127. Rd7 Kc5 128. Kg5 Bd6 129. Kg6 Kd5 130. Rf7 Re8 131. Rf5+ Be5 132. Rg5 Ke6 133. Kh5 Bf4 134. Rg6+ Kf5 {( -> ...Rh8+)} 135. Rg5+ $1 Ke4 136. Rg7 Rh8+ 137. Kg4 Be5 (137... Rh2 {with more complications.} 138. Re7+ Kd4 139. Rd7+ Ke4 140. Re7+) 138. Rf7 Rg8+ 139. Kh5 Bf4 140. Rf6 Kf3 141. Rf7 Rg2 142. Rf6 Ke4 143. Rg6 Rf2 144. Kg4 Be5 145. Kg5 Rf5+ 146. Kh6 Kd5 147. Ra6 Rf8 148. Kg6 Ke4 (148... Rf6+ $5 149. Rxf6 Bxf6 $11) 149. Ra4+ Bd4 150. Ra5 Rf6+ (150... Bc3 $5 {[%cal Rc3a5]} 151. Ra2 Kd3 $15) 151. Kg5 Rf2 152. Kg6 Rg2+ 153. Rg5 Rh2 154. Rh5 (154. Rg1 $5) 154... Ra2 {Precision: White = 59%, Black = 53%.} 1/2-1/2

[Event "Turkey IS Bank Super League 2017"]
[Site "Darica-Kocaeli"]
[Date "2017.07.26"]
[Round "1.11"]
[White "Krasenkow, Michal"]
[Black "Haznedaroglu, Kivanc"]
[Result "1/2-1/2"]
[WhiteElo "2630"]
[BlackElo "2471"]
[Annotator "TA"]
[PlyCount "229"]
[EventType "team-tourn"]
[EventCountry "TUR"]
[SourceTitle "playchess.com"]
[Source "ChessBase"]
[SourceQuality "1"]

{[%evp 19,229,0,0,-32,-9,-58,-14,-33,-19,-31,-29,-18,6,8,10,11,33,-22,-19,-4,-22,-31,-14,-36,-2,-31,0,0,0,-25,0,-68,-57,-107,-106,-112,-100,-98,-105,-106,-101,-100,-91,-78,175,179,199,199,192,199,189,199,198,175,175,138,145,128,126,110,112,105,127,120,117,122,153,142,159,158,177,170,168,166,268,268,268,261,271,271,254,177,177,177,177,150,142,96,96,102,135,135,150,150,150,150,150,142,142,141,139,133,120,56,77,77,77,77,77,58,58,58,57,57,57,56,56,56,56,56,51,51,57,57,58,58,58,58,58,57,58,57,58,57,59,57,61,61,61,61,59,59,60,58,61,57,57,56,58,59,65,65,65,65,62,60,60,59,59,58,59,59,59,59,59,59,59,59,54,52,52,52,52,52,52,52,52,59,60,41,53,0,0,0,0,0,0,0,0,0,0,0,0,0,0,0,0,0,0,0,735,735,29967,0,0,0,0,0,0,0,0,0]} 1. Nf3 Nf6 2. c4 e6 3. g3 d5 4. Bg2 Be7 5. O-O O-O 6. d4 dxc4 7. Ne5 Nc6 8. Nxc6 bxc6 9. Na3 Bxa3 10. bxa3 Ba6 11. Re1 {E05: Open Catalan: 5 Nf3 Be7} (11. Qd2 Rb8 12. Rd1 Qc8 13. Qc2 h6 14. Bd2 Nd5 15. e4 Nb6 16. Bb4 Rd8 17. a4 Nd5 18. exd5 Rxb4 19. dxc6 {½-½ (71) Inarkiev,E (2707)-Hou,Y (2666) Geneve 2017}) 11... Rb8 12. Qa4 $146 ({Find the theoretical novelty and annotate with similar games:} 12. e4 Qe7 13. Qa4 Bb5 14. Qc2 Rfd8 15. e5 Nd5 16. Re4 c5 17. Rh4 g6 18. dxc5 c3 {0-1 (29) Siuniakov,I (2305)-Provotorov,I (2333) Sochi 2006}) 12... Rb6 13. e4 Qe7 ({Of course not} 13... Qxd4 14. Be3 $14) 14. Qa5 Bb5 15. Qc3 {next a4! is good for White.} Rd8 {[#]} 16. a4 $1 {[%mdl 512]} Bxa4 17. Ba3 Qe8 18. Qxc4 (18. Bc5 $14) 18... Bb5 $11 19. Qc3 Ra6 20. Rad1 Ra4 21. Rd2 (21. d5 $5) 21... Rc4 22. Qe3 Qd7 {[%cal Rc4d4]} 23. Bb2 Qe7 24. h3 (24. Ba3 $5 {[%cal Ra3e7]} Qe8 25. Bf3 $11) 24... h6 25. g4 (25. Ba3 $11 Qd7 26. Red1) 25... Ra4 $36 {[%mdl 2048] Black has some pressure.} 26. a3 Nd7 $1 27. Qc3 Rc4 28. Qg3 Nb6 29. Rdd1 Rc2 30. Ba1 Ra2 31. d5 {[%cal Bd4d5,Bd5d6][%mdl 32]} Rxa3 $2 {[%mdl 8192] [#]} (31... Nc4 $17 {stays on course.} 32. Bc3 Rxa3 33. dxe6 fxe6) 32. d6 $1 $18 {[%cal Rd6e7][%mdl 512]} Rxg3 (32... cxd6 33. Qxa3) 33. dxe7 Rxg2+ 34. Kxg2 Re8 35. Rd8 c5 36. Be5 f6 37. Bxc7 Kf7 38. Bd6 c4 39. Bc5 Nc8 40. e5 Nxe7 41. Rxe8 Bxe8 42. exf6 Kxf6 43. Bxa7 $16 {[%mdl 4096] Endgame KRB-KBN} e5 {[#]} 44. f4 $1 {[%mdl 512]} Nc6 (44... exf4 45. Kf2) 45. fxe5+ Ke6 46. Bc5 Bg6 (46... h5 {might work better.} 47. gxh5 Bxh5) 47. Bf8 $18 h5 48. gxh5 ({Don't do} 48. Bxg7 hxg4 49. hxg4 c3 $18) 48... Bxh5 49. Bxg7 Nd4 50. Ra1 c3 51. Ra6+ Kf5 52. Rf6+ Ke4 53. Rf1 {aiming for e6!} c2 54. Re1+ Kf5 {[#]} 55. Bh6 $1 Bd1 {[#]} 56. Bc1 $1 Ne2 57. Ba3 Nf4+ 58. Kf1 Nd3 59. Re3 Nxe5 {intending ...Nc4.} 60. Rc3 Ke4 61. h4 (61. Ke1 $16) 61... Nf3 62. h5 Nd2+ 63. Ke1 Nf3+ 64. Kf2 (64. Rxf3 $5 Kxf3 65. Kd2 c1=Q+ 66. Bxc1 $11) 64... Ne5 65. Kg3 Bxh5 66. Rxc2 Bd1 67. Rc5 Bb3 68. Rc7 Nc4 69. Bc1 Ne5 70. Bb2 Nc4 71. Re7+ Kd5 72. Bg7 Ba4 73. Kf4 Bc2 74. Rd7+ Ke6 75. Rc7 Bd3 76. Rc5 Bf1 77. Bc3 Bd3 78. Bb4 Bf1 79. Ke4 Nd6+ 80. Ke3 Nb7 81. Rc7 Bg2 82. Kf4 {Threatens to win with Re7+.} Nd8 83. Rg7 Nc6 84. Ba3 Bh1 85. Rg6+ Kf7 86. Rh6 Bg2 87. Kg5 {Strongly threatening Rf6+.} Nd4 88. Rf6+ Ke8 89. Rf2 Bd5 90. Kf6 Nb5 91. Bb4 Kd7 92. Ke5 Bb3 93. Rb2 Bf7 94. Rd2+ Kc6 95. Rc2+ Kd7 96. Ba5 Bh5 97. Rf2 Na7 98. Rd2+ Kc6 99. Rb2 {Hoping for Bb6.} Bg4 100. Bb6 (100. Rc2+ $14 Kb5 101. Be1) 100... Nb5 $11 101. Be3 {Black must now prevent Rc2+.} Bd1 102. Rb1 Be2 103. Re1 Bf3 104. Rf1 Be2 105. Rf6+ Kd7 106. Rf2 Bh5 107. Bf4 {And now Be3 would win.} Bf7 108. Rc2 {Rc1 is the strong threat.} (108. Bc1 $5 {[%cal Rf2f7]} Bc4 109. Rb2 $18) 108... Na3 109. Rc5 Bg8 $2 {[%mdl 8192]} (109... Ba2 $11 110. Kf6 Nc4 111. Rc7+ Kd8) 110. Kf6 $18 Nc4 111. Rc7+ $2 (111. Rg5 {NOTEXT} Bh7 112. Rg7+ Kc6 113. Rxh7 Kd5 114. Kf5 Nb6 115. Rc7 Kd4 116. Bh2) 111... Kd8 $11 {The position is equal.} 112. Rg7 Bd5 113. Rg5 Nb6 114. Ke5 (114. Kg7 $5 {[%cal Rf4e3]} Be4 115. Bh2 $18) 114... Bf7 115. Rg7 {Precision: White = 70%, Black = 65%.} 1/2-1/2

[Event "Turkey IS Bank Super League 2017"]
[Site "Darica-Kocaeli"]
[Date "2017.07.26"]
[Round "1.13"]
[White "Muzychuk, Anna"]
[Black "Ushenina, Anna"]
[Result "1-0"]
[WhiteElo "2572"]
[BlackElo "2458"]
[Annotator "TA"]
[PlyCount "85"]
[EventType "team-tourn"]
[EventCountry "TUR"]
[SourceTitle "playchess.com"]
[Source "ChessBase"]
[SourceQuality "1"]

{[%evp 18,85,15,-8,-5,-21,0,-20,-12,-12,-2,-14,-16,-23,-28,-56,31,25,26,27,22,32,79,53,62,64,104,86,187,152,177,147,179,93,266,257,500,504,505,493,999,999,29985,29986,29986,29987,29987,618,428,0,29987,1373,29988,1264,1029,0,29988,29989,29989,29990,29990,1027,985,980,979,907,1637,1593,29995,29996]} 1. e4 c5 2. Nf3 d6 3. d4 cxd4 4. Nxd4 Nf6 5. Nc3 a6 6. Be3 Ng4 7. Bc1 Nf6 8. Bd3 g6 9. O-O Bg7 10. Kh1 O-O {B90: Sicilian Najdorf: Unusual White 6th moves, 6 Be3 Ng4 and 6 Be3 e5} 11. f4 Bd7 (11... Nc6 12. Nxc6 bxc6 13. f5 a5 14. Qe1 Ba6 15. Qh4 a4 16. Bh6 Bxd3 17. cxd3 Qb6 18. fxg6 hxg6 {1-0 (50) Nepomniachtchi,I (2766)-Giri,A (2764) Leuven 2017}) 12. a4 Nc6 {The position is equal.} 13. Nxc6 $146 ({Predecessor:} 13. Nde2 Rc8 14. Qe1 e6 15. f5 e5 16. fxg6 fxg6 {1-0 (31) Skiber,F (1644)-Werner,M (1296) Solingen 2000}) 13... Bxc6 14. Qe2 Nd7 15. a5 Nc5 16. Nd5 Na4 (16... f5 $15) 17. c3 $14 e6 18. Nb4 Bd7 19. Bc2 Qxa5 {And now ...Nxc3 would win.} 20. Qd1 {[%cal Rc2a4]} b5 21. Qxd6 Rfd8 22. f5 {Strongly threatening Bg5.} Be8 (22... Qb6 $16 23. Qxb6 Nxb6) 23. Qg3 $1 $18 {Black must now prevent fxe6.} Qb6 24. Be3 Qb8 {Threatening ...Qxg3.} 25. Bf4 ({Better is} 25. Qh3 $1 $18) 25... e5 $2 (25... Qb7 $16) 26. Bg5 f6 $2 {[#]} (26... Rd6 27. Be7 Nxb2 28. Bxd6 Qxd6) 27. Bxf6 $1 {[%mdl 512]} Bxf6 28. fxg6 Bg7 (28... Qd6 $142 29. gxh7+ Kxh7) 29. gxh7+ Kh8 {[#]} 30. Rf8+ $1 {[%mdl 512]} Kxh7 (30... Bxf8 31. Qg8#) 31. Qh4+ Bh6 32. Qe7+ (32. Rh8+ $142 Kxh8 33. Qxh6+ Kg8 34. Rf1 Bf7 35. Rxf7 Kxf7 36. Bb3+ Rd5 37. Bxd5+ Ke8 38. Qe6+ Kd8 39. Nc6+ Kc7 40. Nxb8) 32... Bg7 33. Qh4+ $40 {[%mdl 128] White mounts an attack.} (33. Rf3 $18 Rd6 34. Rh3+ Rh6 35. Rxh6+ Kxh6 36. Qh4+ Bh5 37. g4) 33... Bh6 $1 {intending ...Qd6.} 34. Raf1 (34. Rh8+ $142 Kxh8 35. Qxh6+ Kg8 36. Bb3+ Bf7 37. Bxf7+ Kxf7 38. Qh7+ Ke6 39. Qg6+ Ke7 40. Rf1) 34... Bg6 35. Qe7+ (35. R1f7+ $142 Bxf7 36. Rxf7+ Kg8 37. Qxh6 Kxf7 38. Bb3+ Rd5 39. Bxd5+ Ke8 40. Qe6+ Kd8 41. Nc6+ Kc7 42. Nxb8) 35... Bg7 {[#]} 36. Qh4+ (36. R8f7 $1 $18 {[%mdl 512]} Rf8 (36... Bxf7 37. Rxf7) 37. Rxg7+ Kh8 38. Rf5 Rxf5 39. exf5) 36... Bh6 {[#]} 37. R1f7+ $1 {[%mdl 512]} Bxf7 38. Rxf7+ Kg8 39. Bb3 (39. Qxh6 $142 Kxf7 40. Bb3+ Rd5 41. Bxd5+ Ke8 42. Nc6 Nc5 43. Qg7 Ra7 44. Qh8+ (44. Nxb8 Rxg7 45. g3 Ke7 $15) 44... Kd7 45. Qxb8) 39... Rd1+ 40. Rf1+ Kh7 41. Rxd1 {White wants to mate with Rd7+.} Qc7 42. Nd5 Qc5 43. Nf6+ {Precision: White = 42%, Black = 31%.} 1-0

[Event "Turkey IS Bank Super League 2017"]
[Site "Darica-Kocaeli"]
[Date "2017.07.26"]
[Round "1.14"]
[White "Tari, Aryan"]
[Black "Arat, Ufuk Sezen"]
[Result "1-0"]
[WhiteElo "2595"]
[BlackElo "2400"]
[Annotator "TA"]
[PlyCount "145"]
[EventType "team-tourn"]
[EventCountry "TUR"]
[SourceTitle "playchess.com"]
[Source "ChessBase"]
[SourceQuality "1"]

{[%evp 11,145,9,22,33,20,8,36,36,36,33,40,35,35,32,55,54,70,63,73,81,89,76,84,80,89,79,77,75,90,72,77,73,83,58,71,40,77,76,77,59,48,34,41,41,145,66,69,56,96,68,157,146,161,36,24,20,167,53,85,90,81,83,118,98,129,89,458,445,537,533,529,529,509,492,567,556,601,608,572,583,694,543,510,505,463,366,628,606,599,587,634,11,235,195,198,202,184,184,184,184,184,184,252,243,243,0,233,0,243,243,508,497,508,508,508,489,440,345,345,345,345,345,345,345,343,243,760,746,698,592,1302,1096,2439,2531,29970,29971]} 1. e4 c6 2. d4 d5 3. exd5 cxd5 4. Bd3 Nc6 5. c3 Qc7 6. Ne2 Bg4 7. O-O {B13: Caro-Kann: Exchange Variation and Panov-Botvinnik Attack} Nf6 8. Qe1 Bxe2 9. Qxe2 {White is slightly better.} e6 10. Nd2 Bd6 11. g3 O-O 12. f4 Rfe8 $146 ({Predecessor:} 12... Rae8 13. Nf3 Nd7 14. Bd2 f5 {1-0 (34) Yu,Y (2729)-Dreev,A (2652) Doha 2016}) 13. Nf3 Nd7 14. Bd2 a6 15. Rae1 Na5 16. b3 b5 17. Ne5 {Strongly threatening Bxh7+!} Nf8 18. Qg2 Rad8 19. Re2 Qb6 20. Qf2 f6 21. Nf3 Nc6 22. b4 Re7 23. Kh1 Nd7 24. Qg2 Qc7 25. Rfe1 (25. Qh3 $5 {[%cal Rh3h7]} Nf8 26. Ra1 $16) 25... Rde8 26. Nh4 Nb6 27. Qh3 {Threatens to win with Ng6!} f5 (27... Nd8 $1 $14) 28. Nf3 ({Better is} 28. g4 $1 $16) 28... Nd8 $14 29. Ne5 Nc4 30. Bc1 Nb6 (30... g6 $14) 31. g4 $1 $40 {[%cal Rg4f5][%mdl 128] White wants a kill.} Bxe5 32. dxe5 (32. fxe5 $18 Qxc3 33. Bg5 (33. gxf5 exf5 34. Bg5 g6 $16)) 32... g6 $14 33. Be3 {[%cal Rg4f5]} Na4 (33... Rg7 $11) 34. Rc2 ({White must play} 34. gxf5 $18 exf5 35. Rg2 Qxc3 36. Bd2) 34... fxg4 35. Qxg4 Rg7 36. Rg1 Nc6 {[#]} 37. h4 $1 {[%cal Rh4h5] aiming for h5.} Qf7 38. Rcg2 {h5! is the strong threat.} Re7 $2 {[%mdl 8192]} ({Of course not} 38... Nxc3 {[#]} 39. h5 $1 $16 {[%mdl 512]}) (38... Kf8 $16) 39. h5 $18 gxh5 40. Qh4 Rxg2 41. Rxg2+ Kf8 {intending ...Ke8.} 42. Rg5 Ke8 43. Rxh5 Qf8 44. Bxh7 Kd7 45. f5 Nxe5 46. fxe6+ Rxe6 47. Bf5 Kc6 48. Qf4 Qe8 $2 (48... Re7 49. Bd4 Qe8) 49. Rh7 Re7 50. Qh6+ Kb7 51. Bc8+ $2 (51. Rh8 $18 Qc6 52. Qf8 d4+ 53. Kh2) 51... Kxc8 $2 (51... Kc7 $1 $11 52. Rxe7+ (52. Bxa6 Rxh7 53. Qxh7+ Qf7 $16) 52... Qxe7) 52. Rh8 Qxh8 53. Qxh8+ Kb7 54. Bg5 Nf7 55. Qg7 Rd7 56. Be3 Nb6 (56... Kc6 {was called for.} 57. Qf8 Nd8) 57. Qd4 Rd6 58. Qg7 Rd7 59. Qd4 Rd6 $1 60. Qf4 Rd7 $2 (60... Rh6+ {was necessary.} 61. Kg2 Rg6+ 62. Kh3 Rh6+ 63. Kg2 Rg6+ 64. Kf2 Nd6) 61. Bxb6 Kxb6 {[%mdl 4096] Endgame KQ-KRN} 62. Qb8+ Rb7 63. Qc8 {[%csl Gb4][%cal Rc8c5]} Ka7 64. Qe6 Nd8 65. Qxd5 Rh7+ 66. Kg2 Nb7 67. Qd4+ Kb8 68. Qb6 Rc7 $2 (68... Rg7+ 69. Kf1 Rf7+ 70. Kg2 Rg7+ 71. Kf2 Rf7+ 72. Ke3 Re7+ 73. Kf2 Rf7+ 74. Ke1 Re7+ 75. Kf1 Rf7+ 76. Ke2 Re7+ 77. Kf1 Rf7+) 69. Qxa6 Rxc3 70. Kf2 Rd3 71. a4 {[%cal Ba2a4,Ba4a5][%mdl 32]} Rd5 72. a5 Rh5 73. Qb6 {Precision: White = 69%, Black = 36%.} 1-0